Pearl Jam - Band Quiz - Statistics

General Stats
  • This quiz has been taken 219 times
  • The average score is 21 of 37
Answer Stats
Question Answer % Correct
Lead vocals, rhythm guitar Eddie Vedder
99%
Album (1991) Ten
95%
Song and video about a boy who commited suicide in school Jeremy
92%
Year in which the band was formed 1990
90%
City in Washington where the band was formed Seattle
89%
First single Alive
88%
Rhythm and lead guitar, backing vocals Stone Gossard
86%
Album (1993) Vs.
85%
Supergroup formed by Pearl Jam members and Chris Cornell Temple of the Dog
82%
Album (1994) Vitalogy
79%
Bass guitar, backing vocals Jeff Ament
78%
Drums, percussion, backing vocals Matt Cameron
77%
Lead guitar, backing vocals Mike McCready
76%
Company they sued for "monopolizing the concert-ticket market" Ticketmaster
74%
Album (1998) Yield
74%
Name one of the bands the bassist and guitarist both played in before PJ Mother Love Bone / Green River
68%
Album (1996) No Code
68%
Album (2006) Pearl Jam
67%
Basketball player whose name they used as their first band name Mookie Blaylock
61%
Album (2020) Gigaton
60%
Album (2000) Binaural
57%
Album (2002) Riot Act
57%
Album (2009) Backspacer
56%
Album (2013) Lightning Bolt
55%
Drums, percussion, backing vocals Jack Irons
53%
Top 3 Billboard Alternative Rock Tracks (U.S.) Better Man
43%
Drums, percussion Dave Abbruzzese
43%
Top 3 Billboard Alternative Rock Tracks (U.S.) Daughter
39%
Drums, percussion Dave Krusen
36%
Top 3 Billboard Alternative Rock Tracks (U.S.) Last Kiss
29%
Drums, percussion Matt Chamberlain
27%
Top 3 Billboard Alternative Rock Tracks (U.S.) Given To Fly
19%
Top 3 Billboard Alternative Rock Tracks (U.S.) World Wide Suicide
9%
Top 3 Billboard Alternative Rock Tracks (U.S.) The Fixer
7%
Top 3 Billboard Alternative Rock Tracks (U.S.) Who You Are
7%
Top 3 Billboard Alternative Rock Tracks (U.S.) I Got Id
4%
Top 3 Billboard Alternative Rock Tracks (U.S.) Brother
1%
No matching quizzes found
Score Distribution
Percent of People with Each Score
Percentile by Number Answered
Your Score History
You have not taken this quiz